[Event "18th Sants Open 2016"]
[Site "Barcelona ESP"]
[Date "2016.08.19"]
[Round "1.50"]
[White "Stella, Andrea"]
[Black "Arus Blanch, Daniel"]
[Result "1-0"]
[WhiteTitle "IM"]
[WhiteElo "2415"]
[BlackElo "2060"]
[WhiteFideId "827061"]
[BlackFideId "2234696"]
[EventDate "2016.08.19"]

1. d4 Nf6 2. c4 e6 3. Nc3 Bb4 4. e3 b6 5. Ne2 Bb7 6. a3 Bxc3+ 7. Nxc3 O-O 8. Bd3
d5 9. cxd5 exd5 10. b4 Nbd7 11. Qb3 Re8 12. O-O c6 13. a4 Ne4 14. Nxe4 dxe4 15.
Bc4 Qe7 16. b5 c5 17. Ba3 Rac8 18. a5 Red8 19. axb6 axb6 20. Rfd1 Qf6 21. Bb2
cxd4 22. Bxd4 Qe7 23. h3 Rc7 24. Bd5 Bxd5 25. Qxd5 Nf8 26. Qf5 Rb7 27. Qg4 f6
28. Ra6 Qd7 29. Qxe4 Ne6 30. Rda1 Nxd4 31. exd4 f5 32. Qc6 Rc7 33. Qxb6 Rb7 34.
Qe6+ Qxe6 35. Rxe6 Rxd4 36. Rb1 Kf7 37. Re5 Kf6 38. Rc5 Rd6 39. Rb3 g6 40. g3
Rbb6 41. Kg2 Ke6 42. Kf3 h6 43. h4 Kf6 44. Rbc3 Re6 45. Re3 Red6 46. h5 g5 47.
Ree5 Rd3+ 48. Ke2 Rb3 49. Rxf5+ Ke6 50. Rce5+ Kd6 51. Kf1 Rb2 52. Kg2 Rb3 53. g4
Rb2 54. Rd5+ Ke6 55. Rc5 Kd6 56. Kg3 Ke6 57. Rce5+ Kd6 58. Rf6+ 1-0

[Event "18th Sants Open 2016"]
[Site "Barcelona ESP"]
[Date "2016.08.19"]
[Round "1.84"]
[White "Gonzalez Rodriguez, Jorge A."]
[Black "Marzo Pie, Xavier"]
[Result "1-0"]
[WhiteTitle "IM"]
[WhiteElo "2306"]
[BlackElo "1991"]
[WhiteFideId "4400240"]
[BlackFideId "32086440"]
[EventDate "2016.08.19"]

1. e4 c5 2. Nf3 Nc6 3. Bb5 g6 4. Bxc6 dxc6 5. d3 Bg7 6. O-O e5 7. b3 Qe7 8. Bb2
Bg4 9. Nbd2 Nf6 10. Bxe5 Qxe5 11. Nxe5 Bxd1 12. Raxd1 Nxe4 13. Rfe1 Nxd2 14.
Nxg6+ Kd7 15. Nxh8 Bxh8 16. Rxd2 Bc3 17. Rde2 Bxe1 18. Rxe1 a5 19. Re4 b5 20. a4
c4 21. g3 Kd6 22. dxc4 bxa4 23. c5+ Kxc5 24. Rxa4 Kb5 25. Kf1 Re8 26. Rh4 f5 27.
Rxh7 Kb4 28. Rh4+ Re4 29. Rxe4+ fxe4 30. h4 Kc3 31. h5 Kxc2 32. h6 Kxb3 33. h7
a4 34. h8=Q Ka2 35. Qc3 a3 36. Qc2+ Ka1 37. Ke2 1-0

[Event "18th Sants Open 2016"]
[Site "Barcelona ESP"]
[Date "2016.08.19"]
[Round "1.86"]
[White "Vidal Zamora, Alex"]
[Black "Lochte, Thomas"]
[Result "1-0"]
[WhiteElo "2291"]
[BlackElo "1984"]
[WhiteFideId "2281872"]
[BlackFideId "4606272"]
[EventDate "2016.08.19"]

1. d4 Nf6 2. Nf3 e6 3. c4 d5 4. g3 dxc4 5. Bg2 c5 6. Qa4+ Bd7 7. Qxc4 Nc6 8.
dxc5 Qa5+ 9. Nbd2 Qxc5 10. O-O Rc8 11. b3 Qh5 12. Bb2 Be7 13. Ne4 Nb4 14. Nxf6+
gxf6 15. Qe4 Bc6 16. Qf4 e5 17. Qd2 O-O 18. Rfc1 Rfd8 19. Qe1 Be4 20. Rxc8 Rxc8
21. Rc1 Rxc1 22. Qxc1 Nxa2 23. Qc7 Bf8 24. Qd8 Kg7 25. Nxe5 Qxe2 26. Nd7 Qd1+
27. Bf1 Qd6 28. Bxf6+ Kg8 29. Be5 Qe7 30. Nf6+ 1-0

[Event "18th Sants Open 2016"]
[Site "Barcelona ESP"]
[Date "2016.08.19"]
[Round "1.90"]
[White "Keller, Peter GER"]
[Black "Urrutia Gonzalez, Javier"]
[Result "1-0"]
[WhiteTitle "FM"]
[WhiteElo "2286"]
[BlackElo "1978"]
[WhiteFideId "1272105"]
[BlackFideId "22255630"]
[EventDate "2016.08.19"]

1. e4 e5 2. Nf3 Nc6 3. Bb5 a6 4. Ba4 Nf6 5. O-O Be7 6. d3 b5 7. Bb3 d6 8. a3 h6
9. Nc3 O-O 10. Nd5 Be6 11. Nxf6+ Bxf6 12. Bxe6 fxe6 13. c3 Qd7 14. b4 Ne7 15.
Be3 Ng6 16. Qb3 d5 17. a4 Qc6 18. Bc5 Rfe8 19. Rfe1 Qb7 20. Qc2 c6 21. d4 Qf7
22. Bd6 Rad8 23. dxe5 Bg5 24. axb5 axb5 25. Ra6 Qb7 26. Rea1 Be7 27. exd5 Bxd6
28. Qxg6 Bxe5 29. Nxe5 Rxd5 30. Qxe8+ 1-0

[Event "18th Sants Open 2016"]
[Site "Barcelona ESP"]
[Date "2016.08.20"]
[Round "2.1"]
[White "Sasikiran, Krishnan"]
[Black "Vidal Zamora, Alex"]
[Result "1/2-1/2"]
[WhiteTitle "GM"]
[WhiteElo "2658"]
[BlackElo "2291"]
[WhiteFideId "5004985"]
[BlackFideId "2281872"]
[EventDate "2016.08.19"]

1. d4 Nf6 2. c4 e6 3. Nc3 Bb4 4. Qc2 d5 5. cxd5 exd5 6. Bg5 O-O 7. e3 Re8 8. Bd3
h6 9. Bh4 Nbd7 10. Ne2 c6 11. O-O Bd6 12. Bg3 Nf8 13. Rae1 Nh5 14. Bxd6 Qxd6 15.
Nc1 Nf6 16. f3 Ne6 17. Nb3 Bd7 18. a3 b6 19. Qd2 Rad8 20. Bb1 Bc8 21. Rd1 Ba6
22. Rfe1 Bc4 23. Nc1 c5 24. N1e2 Qb8 25. Bf5 Re7 26. b4 cxd4 27. Nxd4 Nxd4 28.
exd4 Rde8 29. g3 Qd6 30. Rxe7 Qxe7 31. Kf2 Kf8 32. Re1 Qxe1+ 33. Qxe1 Rxe1 34.
Kxe1 Ke7 35. Kf2 Kd6 36. h4 a5 37. bxa5 bxa5 38. Ke3 Ne8 39. Bc2 Nc7 40. Ba4 g5
41. hxg5 hxg5 42. f4 gxf4+ 43. Kxf4 Ne6+ 44. Ke3 Nc7 45. Bc2 Ke6 46. Kf4 Kf6 47.
Bf5 Ke7 48. Bg4 f6 49. Bd1 Nb5 50. Nxb5 Bxb5 51. Bb3 Ke6 52. Bc2 Ke7 53. Kf5
Bd7+ 54. Kg6 Be8+ 55. Kg7 Bd7 56. Bd1 Bf5 57. Bf3 Be4 58. Bg4 Bd3 59. Bc8 Bc2
60. g4 Bd1 61. Kg6 Bc2+ 62. Bf5 Bd1 63. g5 fxg5 64. Kxg5 Ba4 65. Bg4 Bc2 66. Bf5
Ba4 67. Bd3 Bd7 68. Be2 Bh3 69. Bf3 Ke6 70. Bh5 Ke7 71. Bg6 Bd7 72. Bh7 Kf7 73.
Bf5 Ba4 74. Bd3 Bd7 75. Bh7 Ba4 76. Bg6+ Ke7 77. Bd3 Bd7 78. Kg6 Be6 79. Bf5
Bf7+ 80. Kg5 Be8 81. Bc8 Kd6 82. Kf6 Ba4 83. Ba6 Be8 84. Bd3 Ba4 85. Kf7 Bc6 86.
Bc2 Bd7 87. Kf6 Bc6 88. Bg6 Bd7 89. Bf7 Bc6 90. Kg7 Bd7 91. Kf6 1/2-1/2

[Event "18th Sants Open 2016"]
[Site "Barcelona ESP"]
[Date "2016.08.20"]
[Round "2.24"]
[White "Fernandez, Maria Florencia"]
[Black "Harutyunian, Tigran K."]
[Result "0-1"]
[WhiteTitle "WIM"]
[BlackTitle "IM"]
[WhiteElo "2231"]
[BlackElo "2485"]
[WhiteFideId "116459"]
[BlackFideId "13303635"]
[EventDate "2016.08.19"]

1. d4 Nf6 2. c4 e6 3. Nc3 Bb4 4. e3 O-O 5. Ne2 Re8 6. a3 Bf8 7. Nf4 d6 8. Qc2 e5
9. dxe5 dxe5 10. Nfd5 Nfd7 11. Ne4 Nb6 12. Nxb6 axb6 13. Bd3 Nc6 14. Rb1 f5 15.
Nc3 e4 16. Be2 Ne5 17. O-O Bd6 18. Nd5 Nf3+ 19. Bxf3 exf3 20. g3 c6 21. Nf4 g5
22. c5 bxc5 23. Qc4+ Kg7 24. Nh5+ Kg6 25. b4 b5 26. Qd3 Kxh5 27. Rd1 Bc7 28. Qc2
Qe7 29. bxc5 Qe4 0-1

[Event "18th Sants Open 2016"]
[Site "Barcelona ESP"]
[Date "2016.08.20"]
[Round "2.41"]
[White "Reshef, Omer"]
[Black "Povill Claros, Xavier"]
[Result "1-0"]
[WhiteTitle "IM"]
[WhiteElo "2420"]
[BlackElo "2194"]
[WhiteFideId "2804336"]
[BlackFideId "32040512"]
[EventDate "2016.08.19"]

1. e4 c6 2. d4 d5 3. e5 Bf5 4. h4 h5 5. Bd3 Bxd3 6. Qxd3 Qa5+ 7. Nd2 e6 8. Nf3
Qa6 9. c4 Nh6 10. O-O Nf5 11. Rd1 Be7 12. g3 Nd7 13. b3 c5 14. dxc5 Nxc5 15. Qc2
dxc4 16. Nxc4 O-O 17. Nd6 Bxd6 18. exd6 Rac8 19. Bf4 Rfd8 20. Rac1 b6 21. d7
Nxd7 22. Rxd7 Rxc2 23. Rxd8+ Kh7 24. Rxc2 f6 25. Rd7 Qb5 26. Rd1 e5 27. Bc1 Qb4
28. Rc4 Qe7 29. Bb2 Qb7 30. Nxe5 fxe5 31. Bxe5 Qf3 32. Re1 Qd5 33. Rc7 Qd2 34.
Bc3 Qxa2 35. Bxg7 Nxg7 36. Ree7 Qxb3 37. Rxg7+ Kh6 38. Rxa7 Qd1+ 39. Kh2 Qd4 40.
Rgf7 Kg6 41. Rf4 Qd5 42. Raa4 Qd6 43. Rab4 Qc6 44. Rb2 b5 45. Rfb4 Qc5 46. Rxb5
Qd4 47. Rb6+ Kg7 48. Rb7+ Kg6 49. R2b6+ Kf5 50. Rf7+ Ke5 51. Rbf6 Qd3 52. Rf4
Qd1 53. Re7+ Kd6 54. Ree4 Qc2 55. Rd4+ Ke5 56. Rc4 Qh7 57. Rc5+ Kd6 58. Rff5 Qg7
59. Rxh5 Qb2 60. Rcf5 Ke6 61. Rf4 Qg7 62. Rg5 Qh6 63. Ra4 Qf8 64. Ra6+ Kd7 65.
Rg7+ 1-0

[Event "18th Sants Open 2016"]
[Site "Barcelona ESP"]
[Date "2016.08.21"]
[Round "3.11"]
[White "Lujan, Carolina"]
[Black "Zeng, Chongsheng"]
[Result "0-1"]
[WhiteTitle "IM"]
[BlackTitle "GM"]
[WhiteElo "2378"]
[BlackElo "2538"]
[WhiteFideId "109878"]
[BlackFideId "8603847"]
[EventDate "2016.08.19"]

1. e4 c6 2. Nf3 d5 3. exd5 cxd5 4. Ne5 Nc6 5. d4 e6 6. Bb5 Qc7 7. c4 Bd6 8. O-O
Ne7 9. f4 dxc4 10. Nd2 O-O 11. Bxc6 Nxc6 12. Ndxc4 Be7 13. Nxc6 Qxc6 14. Ne5 Qd5
15. Be3 f6 16. Nd3 Bd7 17. Nc5 Bb5 18. Re1 b6 19. Nb3 Rad8 20. Nd2 Bc6 21. Qg4
Rc8 22. a3 Be8 23. Rac1 Bh5 24. Qh3 Kf7 25. Bf2 Bd6 26. Be3 Bg6 27. Qf3 Qxf3 28.
Nxf3 Bc2 29. Re2 Be4 30. Ree1 Bxf3 31. gxf3 Kg6 32. Re2 Rxc1+ 33. Bxc1 Rc8 34.
Be3 Kf5 35. Kf2 Rc6 36. d5 exd5 37. Rd2 Bxf4 38. Rxd5+ Be5 39. Rd7 Rc7 40. Rxc7
Bxc7 41. h3 Bf4 42. Bd4 Be5 43. Be3 Bxb2 44. a4 Ba3 45. Ke2 Bc5 46. Bd2 a6 47.
Kd3 b5 48. axb5 axb5 49. Bc1 g5 50. Ke2 h5 51. Kd3 g4 52. fxg4+ hxg4 53. hxg4+
Kxg4 54. Ke4 f5+ 55. Kd5 Bf8 56. Ke5 b4 57. Kd4 f4 0-1

[Event "18th Sants Open 2016"]
[Site "Barcelona ESP"]
[Date "2016.08.21"]
[Round "3.34"]
[White "Olivares Canelles, Francisco"]
[Black "Sasikiran, Krishnan"]
[Result "1-0"]
[WhiteTitle "FM"]
[BlackTitle "GM"]
[WhiteElo "2314"]
[BlackElo "2658"]
[WhiteFideId "3504590"]
[BlackFideId "5004985"]
[EventDate "2016.08.19"]

1. d4 d5 2. c4 c6 3. Nc3 Nf6 4. e3 g6 5. Nf3 Bg7 6. b3 O-O 7. Bd3 c5 8. O-O cxd4
9. exd4 Nc6 10. h3 b6 11. Re1 Bb7 12. Ba3 Re8 13. Rc1 Rc8 14. Bf1 e6 15. Qd2 Ne7
16. cxd5 Nfxd5 17. Bb5 Bc6 18. Ba6 Rc7 19. Nb5 Rd7 20. Rc4 Qa8 21. Qc1 Red8 22.
Ne5 Bxe5 23. dxe5 Bb7 24. Bxb7 Qxb7 25. Nd6 Qa6 26. Rd1 b5 27. Rh4 h5 28. Ne4
Rc8 29. Bc5 b4 30. Rxh5 gxh5 31. Qg5+ Ng6 32. Rxd5 exd5 33. Nf6+ Kg7 34. Nxh5+
Kh7 35. Be3 f5 36. Nf6+ Kg7 37. Qh6+ Kf7 38. Qg7+ Ke6 39. Qxg6 Qc6 40. Nxd7+
Kxd7 41. Qf7+ 1-0

[Event "18th Sants Open 2016"]
[Site "Barcelona ESP"]
[Date "2016.08.21"]
[Round "3.48"]
[White "Paquico Rodriguez, Ivan"]
[Black "Cruz, Jonathan"]
[Result "0-1"]
[BlackTitle "IM"]
[WhiteElo "2130"]
[BlackElo "2433"]
[WhiteFideId "2256320"]
[BlackFideId "3802124"]
[EventDate "2016.08.19"]

1. d4 Nf6 2. c4 e6 3. Nc3 Bb4 4. e3 O-O 5. Ne2 c6 6. a3 Ba5 7. b4 Bc7 8. d5 cxd5
9. cxd5 Be5 10. f4 Bc7 11. d6 Bb6 12. g3 e5 13. fxe5 Ng4 14. Nd5 Qg5 15. Nxb6
axb6 16. Nd4 Nc6 17. h4 Qh5 18. Nxc6 dxc6 19. Bb2 Qf5 20. Qd2 Qf3 21. Rg1 Nxe3
22. Be2 Ng2+ 23. Kd1 Qf2 24. Bd4 Qxg3 25. Qc3 Qxc3 26. Bxc3 Nf4 27. Bc4 Be6 28.
Bxe6 fxe6 29. Bd2 Ng6 30. Kc2 Nxh4 31. Rg4 Nf3 32. Bc3 g5 33. Rh1 Kg7 34. Bd2 h6
35. Be3 Kg6 36. Bxb6 Nxe5 37. Re4 Nd7 38. Bc5 e5 39. Re3 b6 40. b5 Nxc5 41. bxc6
Rac8 42. c7 Rf6 43. Reh3 Kg7 44. Rd1 Nb7 45. Rhd3 e4 46. Rd4 Nxd6 47. Rxd6 Rxc7+
48. Kb3 Rxd6 49. Rxd6 g4 50. Re6 g3 51. Rxe4 Kf6 52. Rg4 Rg7 53. Rf4+ Ke5 0-1

[Event "18th Sants Open 2016"]
[Site "Barcelona ESP"]
[Date "2016.08.21"]
[Round "3.75"]
[White "Garcia Ramos, Daniel"]
[Black "Comellas Blanchart, Jordi"]
[Result "1-0"]
[WhiteElo "2238"]
[BlackElo "2043"]
[WhiteFideId "32010311"]
[BlackFideId "2291096"]
[EventDate "2016.08.19"]

1. e4 e5 2. Nf3 Nc6 3. Bb5 a6 4. Ba4 Nf6 5. d3 d6 6. c3 g6 7. O-O Bg7 8. d4 b5
9. dxe5 dxe5 10. Qxd8+ Nxd8 11. Bc2 Nd7 12. a4 Rb8 13. axb5 axb5 14. Be3 Ne6 15.
Rd1 O-O 16. Ra7 Re8 17. b4 Ndf8 18. Nbd2 Rb7 19. Ra3 Nf4 20. g3 Nh5 21. Kg2 f5
22. Ng5 h6 23. Bb3+ Kh8 24. Nf7+ Kh7 25. Ra8 f4 26. Bd5 Bh3+ 27. Kxh3 Rxa8 28.
Bxb7 Rb8 29. Bc5 Rxb7 30. Nb3 Rb8 31. Rd8 Rxd8 32. Nxd8 Nf6 33. f3 N8d7 34. Ne6
fxg3 35. hxg3 Ne8 36. Be7 Bf6 37. Bxf6 Ndxf6 38. Nbc5 g5 39. g4 h5 40. gxh5 1-0

[Event "18th Sants Open 2016"]
[Site "Barcelona ESP"]
[Date "2016.08.23"]
[Round "5.21"]
[White "Rios, Cristhian Camilo"]
[Black "Cu Hor, Winston Darwin"]
[Result "1-0"]
[WhiteTitle "IM"]
[BlackTitle "FM"]
[WhiteElo "2490"]
[BlackElo "2318"]
[WhiteFideId "4403940"]
[BlackFideId "7300662"]
[EventDate "2016.08.19"]

1. d4 Nf6 2. c4 e6 3. Nf3 d5 4. Nc3 Bb4 5. Bg5 O-O 6. e3 Nbd7 7. cxd5 exd5 8.
Rc1 c5 9. dxc5 Nxc5 10. Qd4 Bxc3+ 11. Qxc3 Nce4 12. Bxf6 Nxf6 13. Be2 Bg4 14.
O-O Qb6 15. Nd4 Rfc8 16. Qa3 Rxc1 17. Rxc1 Rc8 18. Rxc8+ Bxc8 19. Nb5 Bg4 20. f3
Bd7 21. Qxa7 Qc6 22. Nc3 Qc8 23. Qd4 h6 24. b4 Qa8 25. Kf2 Qb8 26. g3 Qa8 27.
Nxd5 Nxd5 28. Qxd5 Be6 29. Qa5 Qxa5 30. bxa5 Bxa2 31. e4 Kf8 32. Ke3 Ke7 1-0

[Event "18th Sants Open 2016"]
[Site "Barcelona ESP"]
[Date "2016.08.24"]
[Round "6.18"]
[White "Alvarez Pedraza, Aramis"]
[Black "Gemy, Jose Daniel"]
[Result "1-0"]
[WhiteTitle "GM"]
[BlackTitle "IM"]
[WhiteElo "2483"]
[BlackElo "2384"]
[WhiteFideId "3507408"]
[BlackFideId "3301478"]
[EventDate "2016.08.19"]

1. e4 e5 2. Nf3 Nc6 3. Bc4 Bc5 4. c3 Nf6 5. d3 d6 6. O-O a6 7. Bb3 Ba7 8. Re1 h6
9. Nbd2 Ng4 10. Re2 Ne7 11. h3 Nf6 12. d4 Ng6 13. Nf1 O-O 14. Ng3 Be6 15. Be3
Kh7 16. Bxe6 fxe6 17. Qb3 Qd7 18. Rd1 exd4 19. cxd4 c6 20. Qc2 Ng8 21. e5 Ne7
22. Nh4 Nf5 23. Nxg6 Kxg6 24. d5 dxe5 25. dxe6 Qxe6 26. Bxa7 Rxa7 27. Rde1 1-0

[Event "18th Sants Open 2016"]
[Site "Barcelona ESP"]
[Date "2016.08.24"]
[Round "6.52"]
[White "Jeitz, Christian"]
[Black "Vidal Zamora, Alex"]
[Result "1/2-1/2"]
[WhiteElo "2173"]
[BlackElo "2291"]
[WhiteFideId "4000803"]
[BlackFideId "2281872"]
[EventDate "2016.08.19"]

1. e4 c5 2. Nf3 d6 3. Bb5+ Nd7 4. d4 Nf6 5. Nc3 cxd4 6. Qxd4 e5 7. Qd3 h6 8. O-O
Be7 9. a4 O-O 10. Be3 Qc7 11. Nd2 Nc5 12. Qe2 Be6 13. Bc4 Rfd8 14. Nd5 Nxd5 15.
Bxd5 Bxd5 16. exd5 Nd7 17. c4 a5 18. f4 Rf8 19. f5 Bg5 20. b3 Bxe3+ 21. Qxe3 Qc5
22. Rf3 Qxe3+ 23. Rxe3 Nc5 24. Rf1 1/2-1/2

[Event "18th Sants Open 2016"]
[Site "Barcelona ESP"]
[Date "2016.08.25"]
[Round "7.7"]
[White "Barrientos, Sergio E"]
[Black "Zeng, Chongsheng"]
[Result "0-1"]
[WhiteTitle "GM"]
[BlackTitle "GM"]
[WhiteElo "2466"]
[BlackElo "2538"]
[WhiteFideId "4401824"]
[BlackFideId "8603847"]
[EventDate "2016.08.19"]

1. e4 c6 2. d4 d5 3. e5 Bf5 4. h4 h6 5. g4 Bd7 6. h5 c5 7. c3 Nc6 8. Bh3 Qa5 9.
Nd2 cxd4 10. Nb3 Qa4 11. cxd4 Nxe5 12. dxe5 Qe4+ 13. Be3 Qxh1 14. f3 e6 15. Qd2
Rc8 16. Rc1 Rxc1+ 17. Nxc1 Ne7 18. Qf2 d4 19. Bxd4 Nc6 20. Bc3 b6 21. Ne2 Bc5
22. Qg3 Bxg1 23. Nxg1 g5 24. Kf2 Ne7 25. Bd2 Bb5 26. b3 O-O 27. a4 Rd8 28. Bb4
Nd5 29. Bd2 Ba6 30. b4 Nf4 31. Bxf4 gxf4 32. Qxf4 Rd1 33. Qg3 Rxg1 0-1

[Event "18th Sants Open 2016"]
[Site "Barcelona ESP"]
[Date "2016.08.26"]
[Round "8.10"]
[White "Sasikiran, Krishnan"]
[Black "Mu, Ke"]
[Result "1-0"]
[WhiteTitle "GM"]
[WhiteElo "2658"]
[BlackElo "2419"]
[WhiteFideId "5004985"]
[BlackFideId "8602778"]
[EventDate "2016.08.19"]

1. Nf3 Nf6 2. c4 c6 3. d4 d5 4. e3 e6 5. Bd3 dxc4 6. Bxc4 Nbd7 7. O-O Bd6 8. Re1
b5 9. Bf1 Bb7 10. e4 e5 11. b3 O-O 12. Bb2 Re8 13. Nbd2 a6 14. Qc2 exd4 15. Nxd4
c5 16. Nf5 Be5 17. a4 g6 18. Ng3 Qb6 19. axb5 axb5 20. Rxa8 Bxa8 21. Bxe5 Nxe5
22. Rc1 Ned7 23. Qd3 Bc6 24. Qe3 Qb8 25. Rd1 Qc7 26. Qg5 Qe5 27. Qxe5 Nxe5 28.
Rc1 Ned7 29. f3 Ra8 30. Kf2 Ne8 31. Ne2 Nd6 32. Nf4 Ra2 33. Ke1 f5 34. e5 Nb7
35. Nd3 Bd5 36. b4 c4 37. Nf4 Nb6 38. Nxd5 Nxd5 39. Nxc4 Nxb4 40. Nd6 Nxd6 41.
exd6 Kf7 42. Rc7+ Ke6 43. d7 Ra8 44. Bxb5 Rd8 45. Kf2 Nd5 46. Rc8 Ke7 47. Kg3
Nb6 48. Rc7 Nd5 49. Rc1 Kd6 50. h4 Nc7 51. Ba4 Ne6 52. Re1 Ra8 53. Bb3 f4+ 54.
Kh3 Nd8 55. Rd1+ Ke7 56. Rd4 Rb8 57. Ba4 Ne6 58. Rc4 Rb1 59. g3 fxg3 60. Re4 Rb8
61. Kxg3 Kd6 62. Re1 Ke7 63. Re3 Kd6 64. f4 Rd8 65. Bb5 Rb8 66. Re5 Rd8 67. Re4
Rb8 68. Ba4 Ke7 69. h5 Kd6 70. h6 Rd8 71. Bb5 Kd5 72. Re1 Kd6 73. Re3 Nd4 74.
Re8 Kc7 75. Rxd8 Kxd8 76. Bd3 Nf5+ 77. Kg4 Kxd7 78. Bxf5+ gxf5+ 79. Kxf5 Ke7 80.
Ke5 Kf7 81. Kd5 Kf6 82. Kd6 Kf7 83. Kd7 Kf6 84. Ke8 Ke6 85. Kf8 Kf6 86. Kg8 Kg6
87. f5+ 1-0

[Event "18th Sants Open 2016"]
[Site "Barcelona ESP"]
[Date "2016.08.26"]
[Round "8.11"]
[White "Ortiz Suarez, Isan Reynaldo"]
[Black "Stella, Andrea"]
[Result "1/2-1/2"]
[WhiteTitle "GM"]
[BlackTitle "IM"]
[WhiteElo "2564"]
[BlackElo "2415"]
[WhiteFideId "3507165"]
[BlackFideId "827061"]
[EventDate "2016.08.19"]

1. e4 c5 2. Nf3 e6 3. d4 cxd4 4. Nxd4 Nc6 5. Nc3 Qc7 6. Be3 a6 7. Be2 b5 8. O-O
Bb7 9. a3 Nf6 10. Nxc6 Bxc6 11. Bd3 Be7 12. f4 d5 13. e5 Ne4 14. Bd4 Nxc3 15.
bxc3 g6 16. Qg4 Bd7 17. Kh1 h5 18. Qe2 Bc5 19. Qf2 Rc8 20. h3 h4 21. Rfb1 Kf8
22. Rb3 Bxd4 23. cxd4 Kg7 24. Rab1 Qd8 25. Qe1 Rc6 26. Rc3 Qa5 27. Rxc6 Qxe1+
28. Rxe1 Bxc6 29. Kg1 Rc8 30. Rb1 Bd7 31. Rb3 a5 32. Kf2 a4 33. Rb1 Kf8 34. Kf3
Ke7 35. Kg4 Rh8 36. Rb2 f5+ 37. Kf3 Rb8 38. Rb1 Be8 39. Ke3 Kd8 40. Kd2 Rb7 41.
c3 Kc7 42. g3 hxg3 43. Rg1 Kb6 44. Rxg3 Rh7 45. Bf1 Kc7 46. Ke3 Kb6 47. Rg1 Rc7
48. Kd2 Rh7 49. Rh1 Rh4 50. Ke3 Ka5 51. Rh2 Kb6 52. Kf3 Rh7 53. Bd3 Rc7 54. Rc2
Rh7 55. Kg3 Ka5 56. Be2 Kb6 57. Bd1 Ka5 58. Re2 Kb6 59. Re3 Kc7 60. h4 Kd8 61.
Be2 Ke7 62. Kh3 Kf8 63. Rg3 Ke7 64. Rg1 Kf8 65. Kg3 Rc7 66. Rc1 Kg8 67. Kf2 Rh7
68. Rh1 Kf8 69. Ke3 Rc7 70. Kd2 Rh7 71. Bd1 Ke7 72. Bf3 Kf8 73. Be2 Ke7 74. Ke3
Kf8 75. Kf2 Rc7 76. Rc1 Rh7 77. Kg3 Rc7 78. h5 gxh5 79. Kh4 Rg7 80. Rb1 Rg2 81.
Bxb5 Rg4+ 82. Kh3 Rxf4 83. Bxe8 Kxe8 84. Rb4 Kd7 85. Rxa4 Rf3+ 86. Kh4 Rxc3 87.
Kxh5 Rc4 88. Ra7+ Kc6 89. Kg6 Rxd4 90. Kf6 f4 91. Kxe6 Re4 92. Ra6+ Kc7 93. Kxd5
Re3 94. Ra7+ Kc8 95. a4 f3 96. Rf7 Kd8 97. Ke6 Ke8 98. Rb7 Kf8 99. Rf7+ Ke8 100.
Rf4 Ra3 101. Kf6 f2 102. Rxf2 Rxa4 103. Rb2 Re4 104. Ra2 Re1 105. Ra8+ Kd7 106.
Ra7+ Ke8 107. Ke6 Kf8 108. Ra2 Re3 109. Ra8+ Kg7 110. Kd6 Kf7 111. Ra7+ Ke8 112.
Ke6 Kf8 113. Ra8+ Kg7 114. Re8 Ra3 115. Rd8 Re3 116. Rd4 Kf8 117. Rf4+ Ke8 118.
Kf6 Re1 119. Rh4 Re2 120. Ra4 Re1 121. Ra5 Re2 122. Ke6 Kf8 123. Rd5 Ke8 124.
Rb5 Kf8 125. Rb8+ Kg7 126. Re8 Ra2 127. Rd8 Re2 128. Rd5 Kf8 129. Kd7 Kf7 130.
Kd6 Re1 131. Rd2 Ke8 132. Ra2 Re3 133. Ra8+ Kf7 134. Ra7+ Ke8 135. Re7+ Kd8 136.
Rh7 Ke8 137. Rh8+ Kf7 138. Rh7+ Ke8 139. Ke6 Kf8 140. Rh8+ Kg7 141. Re8 Ra3 142.
Rc8 Re3 143. Kd6 Kf7 144. Rc7+ Ke8 145. Ke6 Kf8 146. Rf7+ Ke8 147. Rf5 Re1 148.
Kf6 Re2 149. Rh5 Re1 150. Ke6 Kf8 151. Kd7 Rd1+ 152. Ke6 Re1 153. Rh8+ Kg7 154.
Rd8 1/2-1/2

[Event "18th Sants Open 2016"]
[Site "Barcelona ESP"]
[Date "2016.08.26"]
[Round "8.22"]
[White "Diaz Camallonga, Carles"]
[Black "Satyapragyan, Swayangsu"]
[Result "1/2-1/2"]
[WhiteTitle "FM"]
[BlackTitle "IM"]
[WhiteElo "2336"]
[BlackElo "2462"]
[WhiteFideId "22235256"]
[BlackFideId "5004306"]
[EventDate "2016.08.19"]

1. e4 e5 2. Nf3 Nc6 3. Bb5 a6 4. Ba4 Nf6 5. d3 d6 6. c3 g6 7. O-O Bg7 8. Re1 O-O
9. h3 Re8 10. c4 Nd7 11. Nc3 Nc5 12. Bxc6 bxc6 13. Be3 Ne6 14. d4 exd4 15. Nxd4
c5 16. Nf3 Rb8 17. Qd2 Bb7 18. Rad1 Qd7 19. Bh6 Nd4 20. Nxd4 Bxd4 21. b3 Re6 22.
Ne2 Bh8 23. f3 Rbe8 24. Kh2 Be5+ 25. Bf4 Bg7 26. Bg3 Qc8 27. Nf4 R6e7 28. Bh4
Re5 29. Nd3 R5e6 30. Nf4 Re5 31. Bg3 R5e7 32. Bh4 1/2-1/2

[Event "18th Sants Open 2016"]
[Site "Barcelona ESP"]
[Date "2016.08.28"]
[Round "10.50"]
[White "Jaksland, Tim"]
[Black "Yuan, Ye"]
[Result "1/2-1/2"]
[WhiteTitle "FM"]
[WhiteElo "2253"]
[BlackElo "2166"]
[WhiteFideId "1401084"]
[BlackFideId "8608415"]
[EventDate "2016.08.19"]

1. Nf3 c5 2. c4 Nc6 3. g3 e5 4. Nc3 g6 5. Bg2 Bg7 6. O-O Nge7 7. d3 d6 8. a3 O-O
9. Rb1 a5 10. Ne1 Be6 11. Nd5 Rb8 12. Bd2 b5 13. Nxe7+ Nxe7 14. cxb5 Rxb5 15. b4
axb4 16. axb4 cxb4 17. Rxb4 Rxb4 18. Bxb4 Qb6 19. Bd2 1/2-1/2